000 00992nam a22002657a 4500
005 20240530110614.0
008 161105s2014 ua aa g b 000 0 ara d
017 _a2014/19816
_bمصر. دار الكتب
020 _a9772329908
040 _aEG-CaGPL
_cEG-CaGPL
082 0 4 _221
_a212.8\
_bس ت
100 0 _aسعيد اسماعيل القاضى .
245 1 2 _aالتربية الجنسية للابناء و الاباء /
_cسعيد اسماعيل القاضى .
250 _aط.1
260 _bعالم الكتب ،
_c2015 .
300 _a344 ص ؛
_c20 سم .
490 0 _aسلسلة تربية الابناء و الاباء فى الاسلام ؛
_v9
504 _aببليوجرافية : ص 337 -344
650 0 7 _2qrmak
_aالتربية الجنسية .
650 0 7 _2qrmak
_aالجهاز التناسلى
650 0 7 _2qrmak
_aالجهاز التناسلى للمرأة .
651 _2qrmak
942 _2ddc
_cBK
999 _c62913
_d62913